[Event "Stay Safe Play From Home 221"]
[Site "T#646739Emanuel Laske"]
[Date "2020.06.12"]
[Round "1"]
[White "Lamborghini"]
[Black "Grizzzly"]
[Result "1-0"]
[WhiteElo "2259"]
[BlackElo "1769"]
[Annotator "TA"]
[PlyCount "23"]
[EventDate "2020.06.12"]
[EventType "swiss (blitz)"]

{[%evp 9,23,23,26,10,12,0,0,0,54,54,57,57,742,752,1492,1462]} 1. e4 e6 2. d3 d5 3. Nd2 dxe4 4. dxe4 b6 5. Ngf3 Bb7 6. Bb5+ {C00: French: Unusual White 2nd moves.} Nd7 7. Ne5 Ngf6 8. Ndf3 {[#] aiming for Nxd7.The position is equal.} Bd6 $146 ({Better is} 8... Qe7 $11 9. O-O a6 10. Qxd7+ Nxd7 11. Bxd7+ Qxd7 12. Nxd7 Kxd7) ({Predecessor:} 8... a6 9. Bc6 Bxc6 10. Nxc6 Qc8 11. e5 Nd5 12. O-O Qb7 13. Nfd4 Bc5 14. c4 Ne7 15. Nxe7 Bxe7 {1-0 (59) Shukan,A (2159)-Schepetkov,R (1851) Novokuznetsk 2012}) 9. Bg5 $14 {[#] Black must now prevent Nxd7.} Bxe5 10. Nxe5 Qc8 $2 {[%mdl 8192]} (10... c6 $14 11. Nxd7 (11. Bxc6 Bxc6 12. Bxf6 Nxf6 $11) (11. Nxc6 Qc7 $11) 11... Qxd7 12. Qxd7+ Nxd7) 11. Bxf6 $18 {[%cal Rb5d7]} gxf6 12. Bxd7+ {White took control after the opening.} 1-0

[Event "Stay Safe Play From Home 221"]
[Site "T#646739Emanuel Laske"]
[Date "2020.06.12"]
[Round "1"]
[White "Fischer_11"]
[Black "Hermann53"]
[Result "1-0"]
[WhiteElo "2049"]
[BlackElo "868"]
[Annotator "NA RC"]
[PlyCount "35"]
[EventDate "2020.06.12"]
[EventType "swiss (blitz)"]

1. e4 {[%emt 0:00:17]} g6 {[%emt 0:00:01]} 2. d4 {[%emt 0:00:01]} Bg7 {[%emt 0:00:01]} 3. Nc3 {[%emt 0:00:00]} c5 {[%emt 0:00:02]} 4. Be3 {[%emt 0:00:01]} Nc6 {[%emt 0:00:02]} 5. d5 {[%emt 0:00:01]} Nd4 {[%emt 0:00:03]} 6. f4 {[%emt 0:00:01]} Nf6 {[%emt 0:00:03]} 7. Nf3 {[%emt 0:00:00]} Ng4 {[%emt 0:00:03]} 8. Bg1 {[%emt 0:00:03]} Nxf3+ {[%emt 0:00:02]} 9. Qxf3 {[%emt 0:00:00]} Ne3 {[%emt 0:00:01]} 10. Bxe3 {[%emt 0:00:01]} e6 {[%emt 0:00:01]} 11. dxe6 {[%emt 0:00:01]} dxe6 {[%emt 0:00:01]} 12. Rd1 {[%emt 0:00:01]} Bd7 {[%emt 0:00:01]} 13. Bb5 {[%emt 0:00:01]} Bxb5 {[%emt 0:00:02]} 14. Rxd8+ {[%emt 0:00:02]} Rxd8 {[%emt 0:00:04]} 15. Nxb5 {[%emt 0:00:00]} Rd1+ {[%emt 0:00:02]} 16. Qxd1 {[%emt 0:00:03]} Ke7 {[%emt 0:00:00]} 17. Qd6+ {[%emt 0:00:01]} Kf6 {[%emt 0:00:02]} 18. Bd4+ {[%emt 0:00:01] Zeit} 1-0

[Event "Stay Safe Play From Home 221"]
[Site "T#646739Emanuel Laske"]
[Date "2020.06.12"]
[Round "1"]
[White "buzaglo"]
[Black "Trotsky"]
[Result "1-0"]
[WhiteElo "1934"]
[BlackElo "1663"]
[Annotator "TA"]
[PlyCount "69"]
[EventDate "2020.06.12"]
[EventType "swiss (blitz)"]

{[%evp 9,69,23,94,54,74,55,162,83,101,52,64,70,170,164,289,295,407,418,412,401,395,430,387,366,364,290,304,303,468,-266,883,861,830,540,541,298,951,897,815,545,507,337,603,614,1597,1607,1759,1033,1008,1001,1236,1211,1365,1325,1841,1889,29992,29993,29997,29993,29997,29993]} 1. d4 d5 2. Nf3 e6 3. g3 c5 4. Bg2 Nc6 5. O-O c4 (5... Nf6 $11) 6. c3 {D02: 1 d4 d5 2 Nf3 sidelines, including 2...Nf6 3 g3 and 2...Nf6 3 Bf4.} Bd6 7. e4 Qc7 {[#]} (7... Nge7 $14) 8. e5 $146 ({White should try} 8. Nfd2 $18) ({Predecessor:} 8. Re1 dxe4 9. Nfd2 b5 10. a4 Rb8 11. axb5 Rxb5 12. Nxc4 f5 13. Nxd6+ Qxd6 14. Qh5+ {1-0 (30) Thorfinnsson,B (2232)-Ingvason,J Reykjavik 2000}) 8... Be7 $16 9. Be3 Bd7 10. Nbd2 O-O-O (10... Rb8 $14) 11. b3 $18 f6 (11... Na5 $142 12. Qe2 Nh6) 12. bxc4 fxe5 13. cxd5 exd5 14. Nxe5 Nxe5 15. dxe5 h5 16. h4 Nh6 17. Bxd5 Ng4 18. Bf4 {[#] Black must now prevent e6.} (18. Bxa7 Qa5 $14) 18... g5 (18... Rhf8 {was necessary.} 19. Qe2 Kb8) 19. e6 $4 {[%mdl 8192]} (19. hxg5 $18 {was the only winning move.} Bc6 20. c4) 19... Bd6 $4 {[%mdl 8192]} (19... gxf4 $19 20. exd7+ Qxd7) 20. Bxd6 Qxd6 21. exd7+ Rxd7 22. Ne4 Qc7 $2 {[#]} (22... Qxd5 23. Qxd5 (23. Nxg5 Qc6 $16) 23... Rxd5 24. hxg5 h4) 23. c4 gxh4 24. Kg2 hxg3 25. Nxg3 h4 $2 (25... Kb8 26. Rb1 Nf6) 26. Qxg4 h3+ 27. Kh2 Kb8 28. Be6 Re7 29. Rad1 Qc6 30. Bd5 Qd6 31. Rde1 Rd7 32. Re6 Qc6 33. Rxc6 {White mates.} bxc6 34. Bxc6 Rc7 35. Bd5 {Accuracy: White = 42%, Black = 26%.} 1-0

[Event "Stay Safe Play From Home 221"]
[Site "T#646739Emanuel Laske"]
[Date "2020.06.12"]
[Round "1"]
[White "Justwatch"]
[Black "EL sanbary"]
[Result "0-1"]
[WhiteElo "1842"]
[BlackElo "1906"]
[Annotator "TA"]
[PlyCount "16"]
[EventDate "2020.06.12"]
[EventType "swiss (blitz)"]

{[%evp 9,16,-17,25,-299,-297,-282,-276,-303,-298]} 1. e3 c5 2. e4 g6 3. Nf3 Bg7 {[#]} 4. Nc3 $146 ({Predecessor:} 4. d4 cxd4 5. Nxd4 d6 6. Nc3 Nf6 7. Be2 Nc6 8. Nb3 O-O 9. O-O b6 10. Be3 Bb7 11. f3 Rc8 12. Qd2 d5 13. Nxd5 Nxd5 14. exd5 Ne5 15. c3 Qxd5 16. Qxd5 Bxd5 17. Rfd1 {½-½ (30) Mauser,T (1735)-Engers,F (1804) Oberhof 2013}) 4... Nc6 5. Bc4 e5 6. Bxf7+ $2 {[%mdl 8192] [#] A00: Irregular Openings.} (6. a4 $11 {and White stays safe.}) 6... Kxf7 $19 {Black has a decisive advantage.} 7. d3 h6 8. Nd5 d6 {White got outplayed after the opening} 0-1

[Event "Stay Safe Play From Home 221"]
[Site "T#646739Emanuel Laske"]
[Date "2020.06.12"]
[Round "1"]
[White "Edmatuag"]
[Black "Lazieri3"]
[Result "0-1"]
[WhiteElo "1707"]
[BlackElo "2013"]
[Annotator "TA"]
[PlyCount "84"]
[EventDate "2020.06.12"]
[EventType "swiss (blitz)"]

{[%evp 9,84,0,29,3,4,-145,-57,-55,-50,-50,-39,-91,-60,-83,-83,-95,-87,-152,-95,-129,-120,-145,-70,-70,-15,-44,-24,-29,-10,-141,-67,-159,-50,-143,-8,-7,50,45,40,33,85,32,70,54,64,85,68,53,52,30,45,17,-8,-147,-164,-154,0,-54,194,188,291,274,569,-243,-239,-425,-411,-791,-796,-785,-777,-757,-697,-700,-605,-467,-210]} 1. e4 c6 2. Nf3 d5 3. exd5 cxd5 4. d4 Nc6 5. Bd3 Nf6 6. a3 {B13: Caro-Kann: Exchange Variation and Panov-Botvinnik Attack.} Bg4 7. Nc3 (7. c3 $11) 7... e6 (7... Nxd4 $1 $17 8. Bf4 a6) 8. Be3 $15 {Black is slightly better.} Bd6 {[#]} 9. Nb5 $146 ({Predecessor:} 9. O-O Rc8 10. Be2 O-O 11. Nb5 Bb8 12. h3 Bh5 13. Qd2 Ne4 14. Qd3 a6 15. Nc3 {0-1 (26) Carmo,L (1539)-Fonseca,P (2221) ICCF email 2015}) 9... Bb8 10. c4 (10. h3 $15 Bh5 11. O-O) 10... a6 11. Nc3 dxc4 12. Bxc4 O-O 13. Ne2 (13. Be2 $142) 13... h6 ({Black should play} 13... Qa5+ 14. b4 Qc7) 14. Ng3 Qa5+ 15. Qd2 {[#]} Qxd2+ (15... Bxf3 $1 $17 16. gxf3 Qxd2+ 17. Kxd2 Rd8) 16. Nxd2 Nh5 (16... Rd8 $15 17. f3 Bf5 18. Nxf5 exf5) 17. Nb3 Nxg3 18. hxg3 Rd8 19. f3 (19. Rc1 $11 {remains equal.}) 19... Bf5 (19... Bxg3+ $17 20. Ke2 Bf5) 20. O-O-O (20. Kf2 $15) 20... Bd6 (20... Bxg3 $17 21. Bd3 Bxd3 22. Rxd3 Ne7) 21. Nc5 (21. g4 $15 Bg6 22. Kd2) 21... Bxc5 (21... Rac8 $17 22. g4 Bg6 23. Nxb7 Ne5 24. Nxd6 Rxd6) 22. dxc5 $11 Rac8 (22... Ne5 $11 23. Be2 Nd3+ 24. Bxd3 Bxd3) 23. Rxd8+ Rxd8 24. Rd1 Rc8 (24... Rxd1+ $14 25. Kxd1 Na5) 25. Kd2 (25. b4 $16) 25... Na5 26. Be2 Nb3+ {[%mdl 64] [#] Double Attack} 27. Kc3 Nxc5 {...Ne4+ is the strong threat.} 28. Kb4 b6 29. Bxc5 Rxc5 $14 {[%mdl 4096] Endgame KRB-KRB} 30. Rd8+ (30. Bxa6 $14 Rc2 31. b3) 30... Kh7 $11 {Hoping for ...Rc2.} 31. Rd6 (31. Bxa6 $11 Rc2 32. b3) 31... a5+ $17 32. Ka4 Bc2+ ({Better is} 32... Rc2 $17 33. Bb5 Rxg2) 33. b3 $15 b5+ $2 (33... Rd5 $1 $15 {stays ahead.} 34. Rxb6 Rd2) 34. Kxa5 $18 Bxb3 (34... Re5 {keeps fighting.}) 35. Kb4 Rc2 $2 (35... Rd5) 36. Kxb3 $4 {[%mdl 8192]} (36. Bxb5 $18 {and life is good for White.} Rxg2 37. Kxb3) 36... Rxe2 {KR-KR} 37. Rb6 $2 (37. Rd3 Rxg2 38. g4) 37... Rxg2 $19 38. Rxb5 (38. g4 $142 Rf2 39. Rxb5) 38... Rxg3 {Black is clearly winning.} 39. a4 Rxf3+ 40. Kb4 Rf1 41. a5 Ra1 42. Rc5 h5 {Accuracy: White = 28%, Black = 36%.} (42... f5 $142 43. Kb3 f4) 0-1

[Event "Stay Safe Play From Home 221"]
[Site "T#646739Emanuel Laske"]
[Date "2020.06.12"]
[Round "1"]
[White "Klasman"]
[Black "Little champs"]
[Result "0-1"]
[WhiteElo "1296"]
[BlackElo "2208"]
[Annotator "TA"]
[PlyCount "48"]
[EventDate "2020.06.12"]
[EventType "swiss (blitz)"]

{[%evp 9,48,-14,-2,-38,266,265,269,275,266,269,267,263,266,258,261,241,237,-33,-52,-334,-322,-343,-330,-888,-866,-802,-638,-634,-629,-621,-603,-704,-693,-726,-718,-763,-749,-784,-766,-765,-718]} 1. f4 c6 2. e4 d5 3. e5 c5 4. Nf3 Nc6 5. Bb5 Bd7 {[#]} 6. c4 $146 {B10: Caro-Kann: 2 d3 and 2 c4.} ({Predecessor:} 6. Be2 Bf5 7. O-O e6 8. c3 Qb6 9. d3 h5 10. Qb3 Qxb3 11. axb3 Nh6 12. Na3 {0-1 (44) Dreisch,J (2121)-Morozov,N (2256) ICCF email 2017}) 6... Nxe5 $2 {[%mdl 8192] [#]} (6... a6 $15 {keeps the upper hand.} 7. Bxc6 Bxc6) 7. fxe5 $18 Bxb5 8. cxb5 {White has a decisive advantage.} e6 9. O-O Ne7 10. d4 Nf5 11. Nc3 cxd4 12. Ne2 ({Don't do} 12. Nxd4 $6 Bc5 $16) 12... Qb6 {Threatening ...d3+.} 13. g4 $2 ({But not} 13. Nfxd4 $6 Bc5) (13. Qd3 $18) 13... d3+ $1 $15 14. Ned4 $2 {[%mdl 8192]} ({Better is} 14. Kh1 $15 dxe2 15. Qxe2) 14... Nxd4 $19 15. Nxd4 Qxd4+ {[%mdl 64] [#] Double Attack} 16. Rf2 $2 (16. Kh1) 16... Bc5 {Black is clearly winning.} 17. Qf3 Qxf2+ 18. Qxf2 Bxf2+ 19. Kxf2 {[%mdl 4096] Endgame KRR-KRB} Rc8 20. Be3 Rc2+ 21. Kf3 Kd7 22. Bxa7 Rhc8 23. Be3 Rxb2 24. a4 Rcc2 {Accuracy: White = 30%, Black = 72%.} 0-1

[Event "Stay Safe Play From Home 221"]
[Site "T#646739Emanuel Laske"]
[Date "2020.06.12"]
[Round "2"]
[White "Mepe_Nika"]
[Black "Klasman"]
[Result "1-0"]
[WhiteElo "2372"]
[BlackElo "1296"]
[Annotator "TA"]
[PlyCount "47"]
[EventDate "2020.06.12"]
[EventType "swiss (blitz)"]

{[%evp 17,47,74,77,36,105,61,72,25,84,76,102,106,110,52,114,128,162,158,508,396,407,401,999,347,818,295,293,279,936,368,1052,1002]} 1. d4 f5 2. Nc3 Nf6 3. Bg5 e6 4. e4 fxe4 5. Nxe4 Be7 6. Bxf6 Bxf6 7. Nf3 O-O 8. Bd3 d5 9. Nxf6+ Qxf6 10. Qe2 {A83: Dutch Defence: Staunton Gambit with 3 Nc3 Nf6 4 Bg5.} Bd7 (10... c5 $14) 11. O-O-O Nc6 {[#]} 12. c3 $146 {White is better.} ({Predecessor:} 12. Rhf1 a5 13. Ne5 Nxe5 14. dxe5 Qe7 15. f4 a4 16. h4 Qxh4 17. Qf3 Rf7 18. g3 Qe7 19. Bxh7+ Kxh7 20. Qh5+ Kg8 21. Rh1 Rff8 22. Rh3 Qf7 {1-0 (22) Lenz,J (905)-Sohum,O (669) LSS email 2014}) 12... a5 (12... Be8 $11 {remains equal.}) 13. Rhe1 $16 a4 14. a3 Na5 15. Bc2 (15. Qc2 $16) 15... Nb3+ (15... Nc4 $14) 16. Kb1 b5 17. Qd3 {[#] And now Ne5 would win.} Rac8 $2 {Black cannot hold the game after this.} (17... Qh6 $16 {is tougher.} 18. Re3 Be8) 18. Qxh7+ Kf7 19. Re3 Rh8 (19... Ke7 $142 20. Ne5 Qh6 21. Qxh6 gxh6 22. Bxb3 axb3 23. Ng6+ {[%mdl 64] Double Attack} Kd6 24. Nxf8 Rxf8) 20. Qd3 $2 (20. Ne5+ Ke7 21. Ng6+ {[%mdl 64] Double Attack} Kd6 22. Nxh8) 20... c5 $2 (20... Kg8 21. Ne5 Be8) 21. dxc5 $2 (21. Ne5+ Ke8 22. Rf3) 21... Nxc5 $18 22. Qe2 {[#] Ne5+ is the strong threat.} Nb3 $2 (22... Kg8 23. Ne5 Be8) 23. Re1 $2 (23. Ne5+ Ke7 24. Rf3) 23... Rc4 $2 (23... Kg8 24. Ne5 Be8) 24. Ne5+ {[%mdl 64] Double Attack. Accuracy: White = 44%, Black =  7%.} 1-0

[Event "Stay Safe Play From Home 221"]
[Site "T#646739Emanuel Laske"]
[Date "2020.06.12"]
[Round "2"]
[White "Little champs"]
[Black "Fischer_11"]
[Result "1/2-1/2"]
[WhiteElo "2208"]
[BlackElo "2049"]
[Annotator "NA RC"]
[PlyCount "84"]
[EventDate "2020.06.12"]
[EventType "swiss (blitz)"]

1. d4 {[%emt 0:00:01]} e5 {[%emt 0:00:01]} 2. e3 {[%emt 0:00:00]} exd4 {[%emt 0:00:01]} 3. exd4 {[%emt 0:00:00]} d5 {[%emt 0:00:00]} 4. Nf3 {[%emt 0:00:01]} Nf6 {[%emt 0:00:00]} 5. Be2 {[%emt 0:00:00]} Be7 {[%emt 0:00:00]} 6. O-O {[%emt 0:00:00]} O-O {[%emt 0:00:00]} 7. c4 {[%emt 0:00:00]} c6 {[%emt 0:00:00]} 8. cxd5 {[%emt 0:00:00]} Nxd5 {[%emt 0:00:01]} 9. Nc3 {[%emt 0:00:00]} Bf6 {[%emt 0:00:01]} 10. Qb3 {[%emt 0:00:02]} Qb6 {[%emt 0:00:02]} 11. Nxd5 {[%emt 0:00:01]} cxd5 {[%emt 0:00:03]} 12. Qxd5 {[%emt 0:00:01]} Be6 {[%emt 0:00:01]} 13. Qc5 {[%emt 0:00:01]} Qxc5 {[%emt 0:00:02]} 14. dxc5 {[%emt 0:00:00]} Nd7 {[%emt 0:00:01]} 15. Be3 {[%emt 0:00:01]} Rac8 {[%emt 0:00:02]} 16. Rac1 {[%emt 0:00:02]} Bxb2 {[%emt 0:00:02]} 17. Rc2 {[%emt 0:00:01]} Ba3 {[%emt 0:00:01]} 18. Ng5 {[%emt 0:00:06]} Bf5 {[%emt 0:00:04]} 19. Rc3 {[%emt 0:00:04]} Bxc5 {[%emt 0:00:02]} 20. Rfc1 {[%emt 0:00:01]} b6 {[%emt 0:00:03]} 21. Bb5 {[%emt 0:00:03]} Nf6 {[%emt 0:00:05]} 22. Nf3 {[%emt 0:00:02]} Bxe3 {[%emt 0:00:02]} 23. fxe3 {[%emt 0:00:02]} Rxc3 {[%emt 0:00:01]} 24. Rxc3 {[%emt 0:00:00]} Rc8 {[%emt 0:00:00]} 25. Rxc8+ {[%emt 0:00:01]} Bxc8 {[%emt 0:00:00]} 26. Nd4 {[%emt 0:00:01]} Nd5 {[%emt 0:00:01]} 27. Kf2 {[%emt 0:00:01]} Nc3 {[%emt 0:00:01]} 28. Bc4 {[%emt 0:00:01]} a6 {[%emt 0:00:02]} 29. Nc6 {[%emt 0:00:01]} Kf8 {[%emt 0:00:02]} 30. Nb4 {[%emt 0:00:01]} b5 {[%emt 0:00:01]} 31. Bb3 {[%emt 0:00:02]} a5 {[%emt 0:00:00]} 32. Nd5 {[%emt 0:00:00]} Nxd5 {[%emt 0:00:02]} 33. Bxd5 {[%emt 0:00:00]} Be6 {[%emt 0:00:00]} 34. e4 {[%emt 0:00:00]} Bxd5 {[%emt 0:00:01]} 35. exd5 {[%emt 0:00:01]} b4 {[%emt 0:00:01]} 36. Ke3 {[%emt 0:00:01]} a4 {[%emt 0:00:00]} 37. Kd4 {[%emt 0:00:00]} Ke7 {[%emt 0:00:00]} 38. Kc4 {[%emt 0:00:00]} b3 {[%emt 0:00:00]} 39. axb3 {[%emt 0:00:01]} axb3 {[%emt 0:00:00]} 40. Kxb3 {[%emt 0:00:00]} Kd6 {[%emt 0:00:00]} 41. Kc4 {[%emt 0:00:00]} f5 {[%emt 0:00:00]} 42. Kd4 {[%emt 0:00:01]} g5 {[%emt 0:00:00] Fischer_11 bietet Remis (Lag: Av=0.48s, max=0.6s)} 1/2-1/2

[Event "Stay Safe Play From Home 221"]
[Site "T#646739Emanuel Laske"]
[Date "2020.06.12"]
[Round "2"]
[White "Lazieri3"]
[Black "buzaglo"]
[Result "1/2-1/2"]
[WhiteElo "2018"]
[BlackElo "1940"]
[Annotator "TA"]
[PlyCount "114"]
[EventDate "2020.06.12"]
[EventType "swiss (blitz)"]

{[%evp 9,113,3,21,10,12,12,11,8,17,18,54,65,74,68,155,107,141,48,41,34,45,44,39,16,16,16,27,-3,-3,-6,-4,-33,0,0,0,0,28,28,37,12,18,12,10,6,11,10,13,0,0,-3,-3,-6,0,0,0,-16,0,0,0,0,0,0,0,0,0,-29968,-29969,-29969,0,-29978,-29979,-29979,-29980,-29980,-29981,-29978,0,0,0,0,0,0,0,0,0,0,0,0,0,0,0,0,0,0,0,0,0,0,0,0,0,0,0,0,0,0]} 1. e4 e6 2. Nc3 d5 3. exd5 exd5 4. d4 Nf6 5. Nf3 Be7 6. Bf4 {C01: French: Exchange Variation.} O-O 7. Bd3 c5 8. dxc5 Bxc5 9. O-O {[#]} d4 $146 ({Predecessor:} 9... Nc6 10. h3 {½-½ (10) Exposito Amaro,J (2325)-Ramirez Garcia,J (2300) Barcelona 2013}) 10. Ne4 Nxe4 11. Bxe4 Be7 ({Black should try} 11... Nd7 $14) 12. Re1 Nc6 13. Ne5 ({White should play} 13. Bxc6 $16 bxc6 14. Qxd4 (14. Nxd4 Bd7 $16)) 13... Nxe5 $14 14. Bxe5 Bf6 $1 {[%cal Rf6e5]} 15. Bxf6 (15. Bf4 {is interesting.} Qa5 16. Bd2 Qc7 17. h4 Be6 18. Qf3) 15... Qxf6 16. Qf3 (16. a4 {with more complications.} Rd8 17. Ra3 g6 18. Rd3 Be6 19. b3) 16... Qxf3 17. Bxf3 Be6 18. Bxb7 Rab8 19. Be4 Rxb2 20. Reb1 Rxb1+ (20... Rfb8 {feels hotter.} 21. Rd1 R2b4 22. f3 g6 23. a3 Ra4) 21. Rxb1 Bxa2 $15 {[%mdl 4096] Endgame KRB-KRB} 22. Ra1 Be6 23. Rxa7 g6 24. h3 Rd8 25. Bd3 Kg7 26. f3 Kf6 27. Kf2 Ke5 28. Ra5+ Rd5 29. Rxd5+ (29. Ra8 {seems wilder.} h5 30. h4 Rc5 31. Kg3 Bd7 32. Ra7) 29... Bxd5 $11 {KB-KB} 30. g3 f5 31. f4+ Kd6 32. Ke2 Kc5 33. Kd2 Bc4 34. Ke2 Kd5 35. Kd2 Kc5 36. Ke2 Kd5 37. Bxc4+ $2 {[%mdl 8192]} (37. Kd2 $11) 37... Kxc4 {KP-KP} 38. Kd2 {[#]} h6 $1 39. Ke2 $2 {[%mdl 8192]} (39. Kc1 $11) 39... Kc3 40. Kd1 d3 41. cxd3 Kxd3 42. g4 fxg4 $2 (42... Ke3 {mates} 43. Ke1 fxg4 44. hxg4 Kxf4 45. Ke2 Kxg4 46. Ke3 Kf5 47. Kf3 g5 48. Ke3 g4 49. Kf2 Kf4 50. Ke2 h5 51. Kd3 h4 52. Ke2 h3 53. Kf1 g3 54. Kg1 Ke3 55. Kh1 g2+ 56. Kg1 Ke2 57. Kh2 Kf2 58. Kxh3 g1=Q 59. Kh4 Qg6 60. Kh3 Qh5#) 43. hxg4 {[#] White wants to mate with f5. KPP-KPP. The position is equal.} Ke4 44. f5 $1 {[%cal Rf5g6]} gxf5 45. gxf5 {f6 would kill now.} Kxf5 {KP-K} (45... Kd5 {keeps more tension.} 46. f6 Ke6 47. Ke2 Kxf6 48. Kf2 Kg6) 46. Ke1 Kg4 47. Kf1 Kh3 48. Kg1 Kg3 49. Kh1 h5 50. Kg1 h4 51. Kh1 Kh3 52. Kg1 Kg4 53. Kh1 h3 54. Kh2 Kh4 55. Kh1 Kg3 56. Kg1 h2+ 57. Kh1 Kh3 {And White is the lucky defender. Accuracy: White = 79%, Black = 84%.} 1/2-1/2

[Event "Stay Safe Play From Home 221"]
[Site "T#646739Emanuel Laske"]
[Date "2020.06.12"]
[Round "2"]
[White "EL sanbary"]
[Black "Lamborghini"]
[Result "0-1"]
[WhiteElo "1920"]
[BlackElo "2261"]
[Annotator "TA"]
[PlyCount "62"]
[EventDate "2020.06.12"]
[EventType "swiss (blitz)"]

{[%evp 11,62,-6,7,-18,14,11,6,5,17,23,71,38,64,-20,-24,-64,-63,-122,0,0,0,-64,0,0,0,0,75,66,155,-12,192,0,0,0,408,-338,-338,-458,-439,-450,-437,-432,-410,-393,-401,-419,-410,-457,-293,-283,-228,-2050,-1887]} 1. c4 g6 2. g3 Bg7 3. Bg2 c5 4. Nc3 Nc6 5. e4 d6 6. Nge2 Bd7 7. O-O {A36: Symmetrical English vs ...g6: 4 Bg2 Bg7.} Qc8 8. d3 Bh3 9. Be3 {The position is equal.} Bxg2 10. Kxg2 {[#]} b6 $146 ({Predecessor:} 10... Nf6 11. h3 h5 12. Bg5 h4 13. gxh4 Nh5 14. Rh1 Be5 15. Ng3 f6 16. Be3 Qd7 {0-1 (89) Solari,P (1669)-Colombo,C (2096) Montevideo 2012}) 11. Qd2 Qb7 12. f4 (12. d4 $14) 12... h5 $11 13. h4 Nf6 14. f5 (14. Rae1 $15) 14... O-O (14... gxf5 $1 $17 15. Rxf5 e6) 15. fxg6 fxg6 16. Bh6 (16. Nf4 $11) 16... Ne5 ({Better is} 16... e6 $15) 17. Bxg7 Kxg7 18. Nd5 Neg4 (18... Qd7 $11) 19. Nef4 $1 $16 Qd7 {[#]} (19... Kf7 $14) 20. Rf3 $2 (20. Nc7 $1 $16 {[%mdl 512]}) 20... e6 $2 {[#]} (20... Ne5 $11 {and Black is okay.} 21. Rff1 Kh7) 21. Nxf6 $2 (21. Nc7 $1 $18 {[%mdl 512]}) 21... Rxf6 $11 22. Raf1 {aiming for Nxh5+!} Raf8 $2 {[%mdl 8192] [#]} (22... Kg8 $11 {and Black stays safe.}) 23. Qc3 $4 {[%mdl 8192]} (23. Nxg6 $1 $18 {[%mdl 512] was the only winning move.} Rg8 (23... Rxg6 24. Rxf8) 24. Rxf6 Nxf6 25. e5 Qb7+ 26. Kg1) 23... e5 $19 24. Nd5 Rxf3 25. Rxf3 Rxf3 26. Kxf3 Qf7+ 27. Ke2 {intending Qe1.} Qf2+ {[%mdl 64] Double Attack} 28. Kd1 Qxg3 29. Qd2 Qf3+ 30. Kc2 Nf2 31. Kc3 $2 (31. Qe3 Qxe3 32. Nxe3) 31... Nxe4+ {[%mdl 64] Double Attack. Accuracy: White = 32%, Black = 39%.} 0-1

[Event "Stay Safe Play From Home 221"]
[Site "T#646739Emanuel Laske"]
[Date "2020.06.12"]
[Round "2"]
[White "Trotsky"]
[Black "Edmatuag"]
[Result "0-1"]
[WhiteElo "1657"]
[BlackElo "1702"]
[Annotator "NA RC"]
[PlyCount "52"]
[EventDate "2020.06.12"]
[EventType "swiss (blitz)"]

1. d4 {[%emt 0:00:01]} c6 {[%emt 0:00:01]} 2. e3 {[%emt 0:00:01]} b5 {[%emt 0:00:00]} 3. c4 {[%emt 0:00:01]} Bb7 {[%emt 0:00:00]} 4. Nc3 {[%emt 0:00:01]} b4 {[%emt 0:00:01]} 5. Ne4 {[%emt 0:00:02]} a5 {[%emt 0:00:00]} 6. Qc2 {[%emt 0:00:01]} f5 {[%emt 0:00:01]} 7. Ng5 {[%emt 0:00:02]} e6 {[%emt 0:00:00]} 8. Bd3 {[%emt 0:00:01]} Qxg5 {[%emt 0:00:01]} 9. h4 {[%emt 0:00:02]} Qxg2 {[%emt 0:00:01]} 10. Bd2 {[%emt 0:00:03]} Qxh1 {[%emt 0:00:01]} 11. O-O-O {[%emt 0:00:01]} Qg2 {[%emt 0:00:02]} 12. Ne2 {[%emt 0:00:02]} Qxf2 {[%emt 0:00:01]} 13. Nf4 {[%emt 0:00:01]} Bd6 {[%emt 0:00:03]} 14. Bxf5 {[%emt 0:00:01]} exf5 {[%emt 0:00:02]} 15. Qxf5 {[%emt 0:00:01]} Bxf4 {[%emt 0:00:01]} 16. exf4 {[%emt 0:00:01]} Nf6 {[%emt 0:00:01]} 17. Re1+ {[%emt 0:00:01]} Kf7 {[%emt 0:00:03]} 18. Be3 {[%emt 0:00:04]} Qf3 {[%emt 0:00:02]} 19. d5 {[%emt 0:00:06]} Re8 {[%emt 0:00:01]} 20. Bd2 {[%emt 0:00:13]} Rxe1+ {[%emt 0:00:03]} 21. Bxe1 {[%emt 0:00:01]} cxd5 {[%emt 0:00:02]} 22. h5 {[%emt 0:00:05]} dxc4 {[%emt 0:00:09]} 23. Bh4 {[%emt 0:00:01]} Qe3+ {[%emt 0:00:01]} 24. Kb1 {[%emt 0:00:01]} Be4+ {[%emt 0:00:01]} 25. Qxe4 {[%emt 0:00:03]} Qxe4+ {[%emt 0:00:00]} 26. Kc1 {[%emt 0:00:02]} Qxf4+ {[%emt 0:00:00] Âðåìÿ (Lag: Av=0.37s, max=0.8s)} 0-1

[Event "Stay Safe Play From Home 221"]
[Site "T#646739Emanuel Laske"]
[Date "2020.06.12"]
[Round "2"]
[White "Hermann53"]
[Black "Grizzzly"]
[Result "0-1"]
[WhiteElo "868"]
[BlackElo "1767"]
[Annotator "NA RC"]
[PlyCount "48"]
[EventDate "2020.06.12"]
[EventType "swiss (blitz)"]

1. e4 {[%emt 0:00:02]} c5 {[%emt 0:00:01]} 2. d4 {[%emt 0:00:01]} cxd4 {[%emt 0:00:01]} 3. Bc4 {[%emt 0:00:01]} e6 {[%emt 0:00:02]} 4. Nf3 {[%emt 0:00:02]} Nc6 {[%emt 0:00:01]} 5. c3 {[%emt 0:00:03]} d6 {[%emt 0:00:00]} 6. cxd4 {[%emt 0:00:02]} a6 {[%emt 0:00:03]} 7. d5 {[%emt 0:00:03]} exd5 {[%emt 0:00:02]} 8. exd5 {[%emt 0:00:02]} Ne5 {[%emt 0:00:01]} 9. Qe2 {[%emt 0:00:02]} Qe7 {[%emt 0:00:05]} 10. Ng5 {[%emt 0:00:07]} Nxc4 {[%emt 0:00:07]} 11. Nxf7 {[%emt 0:00:02]} Qxe2+ {[%emt 0:00:04]} 12. Kxe2 {[%emt 0:00:02]} Kxf7 {[%emt 0:00:00]} 13. Nc3 {[%emt 0:00:07]} Nf6 {[%emt 0:00:01]} 14. Kd3 {[%emt 0:00:04]} Ne5+ {[%emt 0:00:03]} 15. Kc2 {[%emt 0:00:03]} Bf5+ {[%emt 0:00:02]} 16. Kb3 {[%emt 0:00:04]} Rc8 {[%emt 0:00:01]} 17. Bg5 {[%emt 0:00:01]} Be7 {[%emt 0:00:02]} 18. f4 {[%emt 0:00:04]} Ned7 {[%emt 0:00:06]} 19. Rhe1 {[%emt 0:00:00]} Rhe8 {[%emt 0:00:03]} 20. Ne4 {[%emt 0:00:01]} Nxe4 {[%emt 0:00:01]} 21. Re2 {[%emt 0:00:01]} Bxg5 {[%emt 0:00:02]} 22. g4 {[%emt 0:00:02]} Bxg4 {[%emt 0:00:01]} 23. h3 {[%emt 0:00:00]} Bxe2 {[%emt 0:00:01]} 24. Re1 {[%emt 0:00:02]} Bc4+ {[%emt 0:00:00] Zeit (Lag: Av=0.33s, max=0.7s)} 0-1